Clusters and joint marketing alliances as a means of adaptation to changing market conditions (the example of Slovak wineries)

Salvato in:
Dettagli Bibliografici
Autore principale: Hlušková, Tatiana, 1987-
Altri autori: Šášiková, Mária
Natura: Capitolo di libro
Lingua:inglese
Soggetti:
Tags: Aggiungi Tag
Nessun Tag, puoi essere il primo ad aggiungerne!!

MARC

LEADER 00000naa$a2200000$$$4500
001 0178187
005 20240710075930.2
041 0 |a eng 
044 |a SK 
245 1 0 |a Clusters and joint marketing alliances as a means of adaptation to changing market conditions (the example of Slovak wineries)  |c Tatiana Hlušková, Mária Šášiková 
610 2 0 |a klaster 
610 2 0 |a aliancie strategické 
610 2 0 |a marketing 
610 2 0 |a víno 
610 2 0 |a vinohradníctvo 
610 2 0 |a trh 
610 2 0 |a Slovensko 
100 1 |a Hlušková, Tatiana, 1987- 
700 1 |a Šášiková, Mária